00894 a2200217 4500003000500000005001700005040000900022082001200031100003200043245008800075260003200163300001600195505017200211538002900383650001400412651001200426942000800438999001900446952010600465952010500571Nust20170207153218.0 cNust a621.382 aMemon, Ahmed Ali (MSEE-10) aApplying wavelet transforms for registration of satellite imagescAhmed Ali Memon  bMCS, NUSTc2008aRawalpindi avii,64, p.; aIntroduction (page-1) Fundamentals of digital image registration (page-7) Wavelet transforms (page-16) Proposed methodology and results (page-28) Conclusion (page-53). aAlmirah No 69 Shelf No 2 aMS Thesis aMSEE-10 cTHS c181698d181698 00102ddc40708NFICaMCSbMCSd2016-12-12l0o621.382 MEMpMCSTEE-133r2016-12-08w2016-12-12yBK 00102ddc40708NFICaMCSbMCSd2016-12-12l0o621.382 MEMpMCSTEE-51r2016-12-08w2016-12-12yBK